000
00242nam a2200085Ia 4500
245
0
_a
More adventures according to Humphrey
100
_a
Birney, Betty G. London, 2009
_9
81369
942
_c
BK
008
210817s9999 xx 000 0 und d
999
_c
289407
_d
289407